Môđun đối xoắn : Chuyên ngành: Đại số và lý thuyết số
Luận văn gồm 3 chương trình bày: Các khái niệm và kết quả cơ bản về vành và môđun, đặc biệt là môđun xoắn, môđun không xoắn, môđun chia được, miền Ore trái, các dãy khớp Matlis; Phát biểu, chứng minh các định lý về môđun D-xoắn, D-rút gọn...
Guardado en:
| Autor principal: | |
|---|---|
| Formato: | Libro |
| Lenguaje: | Undetermined |
| Publicado: |
Cần Thơ
Trường Đại học Cần Thơ
2010
|
| Materias: | |
| Etiquetas: |
Agregar Etiqueta
Sin Etiquetas, Sea el primero en etiquetar este registro!
|
| Thư viện lưu trữ: | Trung tâm Học liệu Trường Đại học Cần Thơ |
|---|
| LEADER | 01243nam a2200217Ia 4500 | ||
|---|---|---|---|
| 001 | CTU_154374 | ||
| 008 | 210402s9999 xx 000 0 und d | ||
| 082 | |a 512 | ||
| 082 | |b M312 | ||
| 088 | |a 60460104 | ||
| 100 | |a Đinh, Văn Minh | ||
| 245 | 0 | |a Môđun đối xoắn : | |
| 245 | 0 | |b Chuyên ngành: Đại số và lý thuyết số | |
| 245 | 0 | |c Đinh Văn Minh ; Hướng dẫn khoa học: Nguyễn Viết Đông | |
| 260 | |a Cần Thơ | ||
| 260 | |b Trường Đại học Cần Thơ | ||
| 260 | |c 2010 | ||
| 520 | |a Luận văn gồm 3 chương trình bày: Các khái niệm và kết quả cơ bản về vành và môđun, đặc biệt là môđun xoắn, môđun không xoắn, môđun chia được, miền Ore trái, các dãy khớp Matlis; Phát biểu, chứng minh các định lý về môđun D-xoắn, D-rút gọn, D-đối xoắn; Chứng minh mô đun A là Q-xoắn nếu và chỉ nếu nó là mô đun xoắn và A là Q-xoắn nếu và chỉ nếu A* là môđun rút họn. | ||
| 650 | |a Algebra | ||
| 904 | |i Giang | ||
| 980 | |a Trung tâm Học liệu Trường Đại học Cần Thơ | ||